<?xml version="1.0" encoding="UTF-8"?>
<collection xmlns="http://www.loc.gov/MARC21/slim">
 <record>
  <leader>01714nam a2200217Ia 4500</leader>
  <controlfield tag="001">CTU_14685</controlfield>
  <controlfield tag="008">210402s9999    xx            000 0 und d</controlfield>
  <datafield tag="082" ind1=" " ind2=" ">
   <subfield code="a">612.0151</subfield>
  </datafield>
  <datafield tag="082" ind1=" " ind2=" ">
   <subfield code="b">W577</subfield>
  </datafield>
  <datafield tag="100" ind1=" " ind2=" ">
   <subfield code="a">Whitaker, John R.</subfield>
  </datafield>
  <datafield tag="245" ind1=" " ind2="0">
   <subfield code="a">Principles of enzymology for the food sciences</subfield>
  </datafield>
  <datafield tag="245" ind1=" " ind2="0">
   <subfield code="c">John R. Whitaker</subfield>
  </datafield>
  <datafield tag="260" ind1=" " ind2=" ">
   <subfield code="a">New York</subfield>
  </datafield>
  <datafield tag="260" ind1=" " ind2=" ">
   <subfield code="b">Marcel Dekker</subfield>
  </datafield>
  <datafield tag="260" ind1=" " ind2=" ">
   <subfield code="c">1994</subfield>
  </datafield>
  <datafield tag="520" ind1=" " ind2=" ">
   <subfield code="a">Completely revised and updated throughout, this Second Edition of a standard reference/​text explains the fundamentals of enzymology and describes the role of enzymes in the food, agricultural, and health sciences. Maintaining those features that sent the previous edition into multiple printings, Principles of Enzymology for the Food Sciences, Second Edition provides new methods for protein determination and purification . . . examines the novel concept of hysteresis . . . furnishes new information on proteases, oxidases, polyphenol oxidases, lipoxygenases, and the enzymology of biotechnology . . . details current knowledge of starch, glycogen, and cellulose degrading enzymes . . . shows how and why experimental and environmental parameters influence enzyme activity . . . discusses the effect of enzyme concentration, substrate concentration, pH, temperature, inhibitors, and activators on enzyme activity . . . describes the active site and factors that account for enzyme activity . . . delineates hydrolytic and oxidative enzymes of major importance . . . and much more.</subfield>
  </datafield>
  <datafield tag="526" ind1=" " ind2=" ">
   <subfield code="a">Protein-ezyme học,Chuyển nạp gene cây trồng</subfield>
  </datafield>
  <datafield tag="526" ind1=" " ind2=" ">
   <subfield code="b">CSS605,CS615</subfield>
  </datafield>
  <datafield tag="650" ind1=" " ind2=" ">
   <subfield code="a">Enzymes</subfield>
  </datafield>
  <datafield tag="904" ind1=" " ind2=" ">
   <subfield code="i">Nguyễn Quang Điền, Hai</subfield>
  </datafield>
  <datafield tag="980" ind1=" " ind2=" ">
   <subfield code="a">Trung tâm Học liệu Trường Đại học Cần Thơ</subfield>
  </datafield>
 </record>
</collection>
